00333nam a2200109Ia 4500008004100000082001600041100002200057245004900079260003800128300000900166650004800175191201s2019 xx 000 0 und d a615.191 SAS aSalunkhe, Vijay.R 0aStep in Quality Assurance in Pharmaceuticals bNirali PrakashanaNew Delhic2019 a9.13 aPharmaceutical Analysis & Quality Assurance